000 004280000a22001690004500
003 MACL
005 20160101151308.0
008 160101b xxu||||| |||| 00| 0 eng d
040 _aMACL
_cMACL
041 _aEnglish
082 _a500/BRO
100 _aBronowski, J
_926513
245 _aThe Common Sense of Science
260 _bWilliam Heibemann
_c1951
_aLondon
650 _aNatural Science
_92575
942 _cBK
_k500/Bro
_2ddc
999 _c34830
_d34830